Medidas de fomento para las Pymes (Registro nro. 3477)
[ vista simple ]
| 000 -LEADER | |
|---|---|
| fixed length control field | 01153 a2200205 4500 |
| 001 - CONTROL NUMBER | |
| control field | 41343 |
| 005 - DATE AND TIME OF LATEST TRANSACTION | |
| control field | 20260407155707.0 |
| 008 - FIXED-LENGTH DATA ELEMENTS--GENERAL INFORMATION | |
| fixed length control field | 260407a2016 arg spa d |
| 003 - CONTROL NUMBER IDENTIFIER | |
| control field | AR-UNSa-BCEJYS |
| 040 ## - CATALOGING SOURCE | |
| Original cataloging agency | AR-UNSa-BCEJYS |
| Language of cataloging | spa |
| Transcribing agency | AR-UNSa-BCEJYS |
| 080 ## - UNIVERSAL DECIMAL CLASSIFICATION NUMBER | |
| Universal Decimal Classification number | 334.713 |
| Common auxiliary subdivision | Pequeña industria (Pymes) |
| 041 ## - LANGUAGE CODE | |
| Language code of text/sound track or separate title | spa |
| 245 10 - TITLE STATEMENT | |
| Title | Medidas de fomento para las Pymes |
| Name of part/section of a work | suplemento doctrina |
| 264 #1 - PRODUCTION, PUBLICATION, DISTRIBUTION, MANUFACTURE, AND COPYRIGHT NOTICE | |
| Place of production, publication, distribution, manufacture | Buenos Aires : |
| Name of producer, publisher, distributor, manufacturer | Errepar |
| Date of production, publication, distribution, manufacture, or copyright notice | 2016 |
| 300 ## - PHYSICAL DESCRIPTION | |
| Extent | 47 p. |
| Dimensions | 21 cm. |
| 505 ## - FORMATTED CONTENTS NOTE | |
| Formatted contents note | 1. Ley 27264 - Texto legal - Régimen de fomento para las Micro, Pequeñas y Medianas Empresa - 2. Beneficios tributarios y financieros de la nueva "Ley PYME" / Alejandro M. Chiappero - 3. Nuevos beneficios para las Micro, pequeñas y medianas empresas / Carlos A. Schestakow - 4. Modificaciones al marco normativo para el financiamiento de micro, pequeñas y medianas empresas / Rodolfo G. Papa - 5. Novedades en el REPRO y la Nueva Ley de fomento para micro, pequeñas y medianas empresas / Pablo A. Figueredo |
| 590 ## - LOCAL NOTE (RLIN) | |
| Local note | niveau_biblio:m niveau_hierar:0 |
| 856 41 - ELECTRONIC LOCATION AND ACCESS | |
| Uniform Resource Identifier | <a href="https://biblioeco.unsa.edu.ar/pmb/images/libros/E00042.jpg">https://biblioeco.unsa.edu.ar/pmb/images/libros/E00042.jpg</a> |
| Link text | Imagen de portada |
| Electronic format type | image/jpeg |
| 942 ## - ADDED ENTRY ELEMENTS (KOHA) | |
| Koha item type | |
| Withdrawn status | Lost status | Damaged status | Not for loan | Home library | Current library | Shelving location | Date acquired | Total checkouts | Full call number | Barcode | Date last seen | Price effective from | Koha item type |
|---|---|---|---|---|---|---|---|---|---|---|---|---|---|
| Biblioteca Prof. Eusebio Cleto del Rey | Biblioteca Prof. Eusebio Cleto del Rey | 07/04/2026 | E334.713 M489/ER | E00042 | 07/04/2026 | 07/04/2026 | Libro | ||||||
| Biblioteca Prof. Eusebio Cleto del Rey | Biblioteca Prof. Eusebio Cleto del Rey | 07/04/2026 | E334.713 M489/ER Ej.2 | E00043 | 07/04/2026 | 07/04/2026 | Libro | ||||||
| Biblioteca Prof. Eusebio Cleto del Rey | Biblioteca Prof. Eusebio Cleto del Rey | 07/04/2026 | E334.713 M489/ER Ej.3 | E00044 | 07/04/2026 | 07/04/2026 | Libro |